| 000 | 00650nam a2200217Ia 4500 | ||
|---|---|---|---|
| 005 | 20260429111936.0 | ||
| 008 | 260429s9999||||xx |||||||||||||| ||und|| | ||
| 020 | _a9789359780207 | ||
| 041 | _aEnglish | ||
| 082 |
_a796.07 _bSIN |
||
| 100 | _aSingh , Ashish Kumar | ||
| 245 | 0 |
_aSports coaching : _bprinciples and practices for effective athlete development / _cAshish Kumar Singh |
|
| 250 | _a1st ed. | ||
| 260 |
_aNew Delhi : _bFriends Publications (India), _c2024. |
||
| 300 | _aix, 220 p.; hb | ||
| 650 | _a Athlete development | ||
| 650 | _a Sports science | ||
| 650 | _a Training methods | ||
| 650 | _aSports coaching | ||
| 942 | _cTB | ||
| 999 |
_c51542 _d51542 |
||